000 00276nam a22001217a 4500
008 180924b xxu||||| |||| 00| 0 eng d
041 _aeng
080 _23rd
_a159.9
100 _a48
101 _aPSI
245 _aKinsey: Crimes& Consequences
_cReisman,J.A
942 _2udc
_cBK
999 _c48325
_d48325